000 02000nam0a2200385 4500
001 RU\NLR\bibl\1392994
005 20250615201551.0
010 _a978-5-94274-060-3
_980
021 _aRU
_b2009-38202
_92320
035 _a(nilc)RSL-KNO-004327319
035 _a(NLR Aleph) 001385026
090 _a1126100
_c1126100
100 _a20090515d2008 |||y0rusy50 ca
101 0 _arus
102 _aRU
105 _aa |||||||||
200 1 _aИсследование возможностей модернизации БПСТ в рамках программы регистрации нейтринных вспышек от коллапсирующих звезд
_fВ.И. Волченко, Г.В. Волченко, Р.В. Новосельцева
210 _aМосква
_cИнститут ядерных исследований Российской академии наук
_d2008
215 _a22, [1] с.
_cил.
_d29
225 1 _aПрепринт
_fИн-т ядер. исслед. Рос. акад. наук
_vИЯИ РАН - 1207/2008, декабрь 2008
320 _aБиблиогр.: с. 22-23 (10 назв.)
606 1 _aСцинтилляционные телескопы подземные
_92121049
_3RU\NLR\auth\661280789
610 2 _aФизико-математические науки -- Астрономия -- Теоретическая астрофизика -- Внутреннее строение звезд -- Ядерные реакции в звездах -- Методы исследования
610 2 _aнейтринные вспышки от коллапсирующих звезд
686 _aВ632.4с1,09
_2rubbk
686 _aВ381.5
700 1 _aВолченко
_bВ. И.
_4070
701 1 _aВолченко
_bГ. В.
_4070
701 1 _aНовосельцева
_bР. В.
_4070
801 0 _aRU
_bРГБ
_c20090515
_grcr
801 1 _aRU
_bРГБ
_c20090515
801 2 _aRU
_bNLR
_c20090716
_grcr
942 _cBOOK
980 _aNB